000 00652nam a2200241Ia 4500
003 OSt
005 20221007100324.0
006 a|||||r|||| 00| 0
007 ta
008 221006b |||||||| |||| 00| 0 eng d
024 _a4,240
037 _cTextual
040 _aLCO
_cLCO
_beng
041 _2eng
_aeng
082 _aV65'N60-N70, L9
100 _aHARGREAVES J D
_911506
245 0 _aEnd of colonial rule in West Africa...
260 _aLondon
_bMacmillan press
_c1979
300 _a141
650 _aEND OF COLONIAL RULE
_9701516
942 _hV65'N60-N70, L9
_cTEXL
999 _c1173803
_d1173803